000 00785nam a2200265Ia 4500
003 OSt
005 20220925220624.0
006 a|||||r|||| 00| 0
007 ta
008 220923b |||||||| |||| 00| 0 eng d
020 _a0 333 22344 6
037 _cGeneral Book
040 _aRTL
_cRTL
_beng
041 _2eng
_aeng
082 _aX:3M24xM18:g(X:2), L7
100 _aHindess Barry
_992113
245 0 _aMode of production and social problems
_b An auto-c
260 _aLondon
_bMacmillan
_c1977
300 _avii,82p
_ccm.
500 _aBibliography p78-79
650 _aEconomics Classics Karl Marx
700 _a Hirst Paul
_920499
942 _hX:3M24xM18:g(X:2), L7
_cGB
_2CC
999 _c571919
_d571919